000 00286nam a22001217a 4500
040 _cHS
082 _a580
100 _aMICHEAL HICKEY
245 _aThe cambridge illustrated glossary of botanical terms
260 _aCambridge
_bMICHEAL HICKEY
_c2000
300 _a207p;
942 _cEK
999 _c10213
_d10213